European union Counties - Statistics

General Stats
  • This quiz has been taken 24 times
  • The average score is 25 of 27
Answers on the Map
Answers color-coded by a green-red scale on the quiz's map according to % correct below.
 
Answer Stats
Answer % Correct
Italy
100%
Austria
95%
Belgium
95%
Estonia
95%
Finland
95%
France
95%
Germany
95%
Greece
95%
Hungary
95%
Ireland
95%
Latvia
95%
Netherlands
95%
Poland
95%
Romania
95%
Spain
95%
Sweden
95%
Croatia
91%
Czechia
91%
Denmark
91%
Luxembourg
91%
Portugal
91%
Slovakia
91%
Slovenia
91%
Lithuania
86%
Bulgaria
82%
Malta
82%
Cyprus
55%
No matching quizzes found
Score Distribution
Percent of People with Each Score
Percentile by Number Answered
Your Score History
You have not taken this quiz